Költözik a Szeviép Zrt.
Elmentve itt :
| Dokumentumtípus: | Cikk |
|---|---|
| Megjelent: |
2007-04-05
|
| Sorozat: | Délmagyarország
97 No. 80 |
| Kulcsszavak: | Szeged, Szeviép Szerkezet és Vízépítő Rt. (Szeged), Építőipar székház |
| Online Access: | http://dmarchiv.bibl.u-szeged.hu/137952 |
| LEADER | 00462nab a2200145 i 4500 | ||
|---|---|---|---|
| 001 | delm137952 | ||
| 005 | 20200108101117.0 | ||
| 008 | 200108s2007 hu o 0|| hun d | ||
| 040 | |a SZTE Délmagyarország Archívum |b hun | ||
| 041 | |a hun | ||
| 245 | 0 | 0 | |a Költözik a Szeviép Zrt. |h [elektronikus dokumentum] |
| 260 | |c 2007-04-05 | ||
| 300 | |a 4 | ||
| 490 | 0 | |a Délmagyarország |v 97 No. 80 | |
| 695 | |a Szeged, Szeviép Szerkezet és Vízépítő Rt. (Szeged), Építőipar székház | ||